Diskuze o budoucnosti Evropské unie v 21. století

Koncepty a teória európskej integrácie. Porovnanie realizmu a funkcionalizmu. Hľadanie novej podoby integračného procesu v Európe. Nemecká, francúzska a anglická vízia. Predstavy kandidátskych krajín.

Enregistré dans:
Détails bibliographiques
Auteur principal: Rovná, Lenka
Format: Chapitre de livre
Langue:tchèque
Sujets:
Tags: Ajouter un tag
Pas de tags, Soyez le premier à ajouter un tag!

MARC

LEADER 00000naa a2200000 4500
001 r044451
005 20230927112710.0
041 0 |a cze 
044 |a CZ 
245 1 0 |a Diskuze o budoucnosti Evropské unie v 21. století  |c Lenka Rovná 
520 |a Koncepty a teória európskej integrácie. Porovnanie realizmu a funkcionalizmu. Hľadanie novej podoby integračného procesu v Európe. Nemecká, francúzska a anglická vízia. Predstavy kandidátskych krajín. 
610 2 0 |a spolupráca hospodárska medzinárodná 
610 2 0 |a Európa 
610 2 0 |a integrácia 
610 2 0 |a Nemecko 
610 2 0 |a Veľká Británia 
610 2 0 |a Francúzsko 
610 2 0 |a SVE 
100 1 |a Rovná, Lenka